000
00304nam a2200109Ia 4500
008
171211s9999 xx 000 0 und d
245
2
_a
A Handbook for Beginning Choral Educators
245
_c
Walter Lamble
260
_c
2004
650
_x
music
856
_u
http://down.ebook777.com/059/9780253344342.pdf
999
_c
348699
_d
348699